000 00511nam a22001817a 4500
005 20251108164916.0
008 250721s1985 xx 000 0 ara d
082 1 4 _a649.1/إبر
100 1 _aيونس، أحمد السعيد
245 1 0 _aأسرار الطفولة /
264 1 _aالقاهره :
_bدار نهضة مصر للطبع و النشر،
_c1985.
300 _a163ص
650 1 7 _aالأطفال
650 1 7 _aالصحة
650 1 7 _aصحة الطفل
942 _2ddc
_cBK
999 _c17220
_d17220